| 000 | 01233nac a22003497a 4500 | ||
|---|---|---|---|
| 001 | BR8101135 | ||
| 003 | BR-BrBNA | ||
| 005 | 20240105114928.0 | ||
| 008 | 230509b bl.|||m| |||| 00| 0 por d | ||
| 040 |
_aBR-BrBNA _bpor _cBiblioteca Nacional de Agricultura |
||
| 072 | _aH10 | ||
| 090 | _a1900 BR8101135 | ||
| 100 | 1 | _aMoraes, G.J. de | |
| 100 | 1 | _aRamalho, F.S. | |
| 100 | 1 | _aSouza, S.M. de | |
| 100 | 1 | _aSilva, C.M.M. de S. | |
| 100 | 1 | _aLima, P.C.F. | |
| 110 | 1 | _aCentro de Pesquisa Agropecuaria do Tropico Semi Arido, Petrolina, PE (Brasil) | |
| 245 | 1 | _aInsetos associados a sementes de forrageiras e essencias florestais no Tropico Semi-Arido do Brasil | |
| 246 | 1 | _a[Insects associated to forage seeds and forest species in the semi-arido tropic of Brazil] | |
| 260 | 3 |
_aPetrolina, PE (Brasil): _c1981. |
|
| 300 | _a2 p. | ||
| 490 |
_aPesquisa em Andamento - Centro de Pesquisa Agropecuaria do Tropico Semi-Arido (Brazil) _vno. 11 _xISSN 0100-6118 |
||
| 650 | _aPraga de planta | ||
| 650 | _aInseto | ||
| 650 | _aSemente | ||
| 650 | _aPlanta forrageira | ||
| 650 | _aEssencia florestal | ||
| 650 | _aTropico semi-Arido | ||
| 909 |
_a202312 _bLúcia Elande _c55 _dLúcia Elande |
||
| 942 |
_2AGRIS _n0 _cMS |
||
| 999 |
_c272097 _d272097 |
||